[Event "1st IBCA European Team Chess Championship"]
[Site "Warsaw"]
[Date "1899-12-30"]
[Round "6.6"]
[White "Meshkov, Yuri A."]
[Black "Grybas, Gintaras"]
[Result "1-0"]
[WhiteTitle "IM"]
[BlackTitle ""]
[WhiteElo "2350"]
[BlackElo "2012"]

1. e4 c6 2. d4 d5 3. exd5 cxd5 4. Bd3 Nf6 5. c3 e6 6. Nf3 Be7 7. Bf4 O-O 8. Nbd2
b6 9. Qe2 a5 10. a4 Ba6 11. Bxa6 Nxa6 12. O-O Nc7 13. Ne5 Bd6 14. Bg5 Nce8 15.
f4 Qc7 16. Rf3 h6 17. Bh4 Nd7 18. Kh1 Nxe5 19. fxe5 Be7 20. Bf2 Qd7 21. Be3 f5
22. exf6 Rxf6 23. Rxf6 Nxf6 24. Bf4 Bd6 25. Bxd6 Qxd6 26. Nf3 Ne4 27. Ne5 Rf8
28. Rf1 Rxf1+ 29. Qxf1 Qe7 30. Qf4 Qe8 31. h3 g5 32. Qf3 Kg7 33. Kh2 Nd6 34. Qd3
Qf8 35. Qg6+ Kh8 36. Kg1 Qf5 37. Qxh6+ Kg8 38. Nc6 Kf7 39. Qh5+ Kg7 40. Ne5 Qb1+
41. Kh2 Qf5 42. Qf3 b5 43. axb5 Nxb5 44. Qxf5 exf5 45. Nc6 a4 46. Ne7 a3 47. bxa3
Nxc3 48. Nxf5+ Kf6 49. g4 Ke6 50. Kg2 Kd7 51. h4 gxh4 52. Kh3 Ke6 53. Kxh4 1-0

[Event "1st IBCA European Team Chess Championship"]
[Site "Warsaw"]
[Date "1899-12-30"]
[Round "6.7"]
[White "Novikovas, Anatolijus"]
[Black "Pakhomov, Alexey"]
[Result "0-1"]
[WhiteTitle ""]
[BlackTitle "IM"]
[WhiteElo "1856"]
[BlackElo "2338"]

1. d4 c5 2. Nf3 Nf6 3. c4 cxd4 4. Nxd4 e5 5. Nb3 d5 6. cxd5 Qxd5 7. Qxd5 Nxd5 8.
Bd2 Nb4 9. Na3 Be6 10. e4 N8c6 11. Bb5 a6 12. Bxc6+ Nxc6 13. O-O O-O-O 14. Bc3
b6 15. Rac1 Kb7 16. Nc2 Be7 17. Rcd1 Bc4 18. Rfe1 Bd3 19. Ne3 Bxe4 20. f3 Bd3
21. Ng4 f6 22. Ne3 a5 23. Nc1 Bg6 24. Nc4 Bc5+ 25. Kh1 Bf7 26. b3 Bxc4 27. bxc4
Rxd1 28. Rxd1 Rd8 29. Nd3 Kc7 30. g4 Nb4 31. Bxb4 axb4 32. Kg2 Rd4 33. h4 Rxc4
34. Rd2 Rd4 35. Kf1 h5 36. g5 Rxh4 37. gxf6 gxf6 38. Rg2 Rh1+ 39. Ke2 Ra1 40.
Rg6 Rxa2+ 41. Kd1 b3 42. Rxf6 Be3 43. Rf7+ Kd6 44. Rf6+ Ke7 45. Rc6 Rd2+ 0-1

[Event "1st IBCA European Team Chess Championship"]
[Site "Warsaw"]
[Date "1899-12-30"]
[Round "6.8"]
[White "Suslov, Evgeniy"]
[Black "Slusnys, Evaldas"]
[Result "1-0"]
[WhiteTitle ""]
[BlackTitle ""]
[WhiteElo "2221"]
[BlackElo "1888"]

1. Nf3 c5 2. g3 Nc6 3. Bg2 g6 4. O-O Bg7 5. c4 Nf6 6. Nc3 O-O 7. d3 b6 8. Rb1 Bb7
9. a3 d6 10. b4 Nd7 11. Bd2 Nd4 12. e3 Bxf3 13. Bxf3 Nxf3+ 14. Qxf3 e6 15. b5
Ne5 16. Qe2 Qc7 17. e4 f5 18. exf5 exf5 19. Nd5 Qf7 20. Bc3 Rae8 21. Bxe5 dxe5
22. f3 Rd8 23. a4 Rxd5 24. cxd5 Qxd5 25. Qc2 Kh8 26. Qc4 Qd6 27. Rb3 Rd8 28. Ra3
h5 29. a5 bxa5 30. Rxa5 Qxd3 31. Qxd3 Rxd3 32. Rxa7 Rb3 33. Rd1 1-0

[Event "1st IBCA European Team Chess Championship"]
[Site "Warsaw"]
[Date "1899-12-30"]
[Round "6.9"]
[White "Grigorchuk, Sergey"]
[Black "Mueller, Oliver"]
[Result "1/2-1/2"]
[WhiteTitle "CM"]
[BlackTitle "FM"]
[WhiteElo "2267"]
[BlackElo "2266"]

1. d4 Nf6 2. c4 e6 3. Nf3 Bb4+ 4. Bd2 Qe7 5. g3 Bxd2+ 6. Qxd2 Nc6 7. Nc3 d5 8.
cxd5 exd5 9. Bg2 O-O 10. O-O Rd8 11. e3 Ne4 12. Qc2 Nb4 13. Qb3 c6 14. a3 Na6
15. Qc2 Nxc3 16. Qxc3 Nc7 17. Nd2 Bf5 18. b4 Nb5 19. Qb3 Nd6 20. a4 a6 21. Rfe1
Re8 22. Bf1 Qd7 23. Bg2 h5 24. h4 Bh3 25. Qd3 g6 26. Nf3 Bxg2 27. Kxg2 Ne4 28.
Ra2 Qf5 29. Qc2 Rad8 30. Ng5 Qf6 31. Nxe4 dxe4 32. Qe2 Rd5 33. Rc2 Qd6 34. Rc5
a5 35. Rxd5 Qxd5 36. bxa5 Qxa5 37. Rb1 Re7 38. Qc2 Qf5 39. Qe2 Qa5 40. Qc2 Qf5
41. Qe2 1/2-1/2

[Event "1st IBCA European Team Chess Championship"]
[Site "Warsaw"]
[Date "1899-12-30"]
[Round "6.10"]
[White "Eichstaedt, Mirko"]
[Black "Wassin, Sergej"]
[Result "1/2-1/2"]
[WhiteTitle ""]
[BlackTitle "FM"]
[WhiteElo "2241"]
[BlackElo "2298"]

1. d4 Nf6 2. Nf3 e6 3. g3 d5 4. c4 dxc4 5. Qa4+ Nbd7 6. Bg2 a6 7. Nc3 Be7 8. Ne5
O-O 9. Nxd7 Nxd7 10. Qxc4 Nb6 11. Qd3 c5 12. dxc5 Qxd3 13. exd3 Bxc5 14. Be3 Nd7
15. Rc1 Rb8 16. Nd5 Bd6 17. Nb6 Nxb6 18. Bxb6 e5 19. Ba7 Ra8 20. Bc5 Rd8 21. Bxd6
Rxd6 22. Rc5 Be6 23. Rxe5 Bxa2 24. Bxb7 Rb8 25. O-O g6 26. Ra1 Rxb7 27. Rxa2 Rxd3
28. Rea5 Rd2 29. Rxa6 Rbxb2 30. Rxb2 Rxb2 1/2-1/2

[Event "1st IBCA European Team Chess Championship"]
[Site "Warsaw"]
[Date "1899-12-30"]
[Round "6.11"]
[White "Shepelev, Igor"]
[Black "Mueller, Thorsten"]
[Result "1/2-1/2"]
[WhiteTitle ""]
[BlackTitle ""]
[WhiteElo "2021"]
[BlackElo "2123"]

1. d4 d5 2. c4 c6 3. Nf3 Nf6 4. Nc3 e6 5. e3 Nbd7 6. Qc2 dxc4 7. Bxc4 b5 8. Bd3
Bb7 9. O-O a6 10. a4 Be7 11. e4 b4 12. e5 bxc3 13. exf6 Bxf6 14. bxc3 c5 15. Ba3
Bxf3 16. gxf3 cxd4 17. cxd4 Be7 18. Bxe7 Qxe7 19. Bxa6 Qg5+ 20. Kh1 Qd5 21. Be2
O-O 22. Qe4 Nf6 23. Qxd5 Nxd5 24. a5 Ra7 25. Ra3 Rfa8 26. a6 Kf8 27. Rb1 Ke7 28.
Rab3 Nc7 29. f4 Rxa6 30. Bxa6 Rxa6 31. Kg2 Nd5 32. Kf3 Ra4 33. Rb7+ Kf6 34. Rd7
Rxd4 35. Rbb7 Rxf4+ 36. Kg3 g5 37. Rxf7+ Kg6 38. Rg7+ Kf5 39. Rxh7 Nf6 40. Rhf7
Kg6 41. Rg7+ Kh6 42. Kg2 Rg4+ 43. Kf1 Nd5 44. Rg8 Nf6 45. Rd8 Nd5 46. Rd6 Re4
47. Rb1 Kh5 48. Re1 Rxe1+ 49. Kxe1 Nf4 50. f3 Kg6 51. Kf2 Kf5 52. Rd2 e5 53. Rd8
Ne6 54. Re8 Nf4 55. Rf8+ Ke6 56. Ra8 Kf5 57. Ra5 Nh5 58. Ra8 Nf6 59. Rf8 Ke6 60.
Ke2 Ke7 61. Ra8 Ke6 62. Kd3 Kf5 63. Rf8 Ke6 64. Ke3 Kf5 65. Kf2 Ke6 66. Kg2 Ke7
67. Ra8 Ke6 68. h3 1/2-1/2

[Event "1st IBCA European Team Chess Championship"]
[Site "Warsaw"]
[Date "1899-12-30"]
[Round "6.12"]
[White "Schellmann, Frank"]
[Black "Kolpakov, Vladyslav"]
[Result "0-1"]
[WhiteTitle "CM"]
[BlackTitle ""]
[WhiteElo "2068"]
[BlackElo "1944"]

1. e4 e6 2. d4 d5 3. e5 c5 4. c3 Qb6 5. Nf3 Nc6 6. a3 Nh6 7. b4 cxd4 8. cxd4 Nf5
9. Bb2 Bd7 10. g4 Nfe7 11. Nc3 Na5 12. Qc2 Nc4 13. Bxc4 dxc4 14. Nd2 Qc6 15. Nce4
Nc8 16. Qxc4 Nb6 17. Qxc6 Bxc6 18. O-O Na4 19. Rab1 Bb5 20. f4 Bxf1 21. Kxf1 O-O-O
22. Ba1 Nb6 23. Nb3 Be7 24. Ke2 Rd7 25. Na5 Rc7 26. Kd3 Kb8 27. Bc3 Nd5 28. Bd2
Rhc8 29. Rb2 b6 30. Nb3 h5 31. g5 f6 32. exf6 gxf6 33. gxf6 Bxf6 34. Nxf6 Nxf6
35. f5 Nd5 36. fxe6 Re7 37. Ke4 Rd8 38. Ke5 Nc7 39. Ke4 Rxe6+ 40. Kd3 Rf8 41.
Bg5 Kb7 42. Nd2 Rf2 43. Rc2 Nd5 44. h4 Nf4+ 45. Kc4 Rc6+ 46. Kb3 Rxc2 47. Kxc2
Kc6 48. Kc3 Kd5 49. a4 Ne6 50. Be7 Rf7 0-1

[Event "1st IBCA European Team Chess Championship"]
[Site "Warsaw"]
[Date "1899-12-30"]
[Round "6.13"]
[White "Cajzler, Hinko"]
[Black "Pawelec, Bartosz"]
[Result "1-0"]
[WhiteTitle ""]
[BlackTitle ""]
[WhiteElo "2099"]
[BlackElo "2116"]

1. d4 d5 2. c4 dxc4 3. e3 e5 4. Bxc4 exd4 5. exd4 Nf6 6. Nc3 Bd6 7. Bg5 O-O 8.
Nge2 c6 9. a4 b6 10. h3 h6 11. Bh4 Na6 12. O-O Nb4 13. Rc1 Bf5 14. Bg3 Ne4 15.
Nxe4 Bxe4 16. Bxd6 Qxd6 17. Ng3 Bh7 18. Qb3 a6 19. Rfd1 b5 20. Be2 Rac8 21. Rc5
Nd5 22. Bf3 Nb6 23. axb5 axb5 24. Qb4 Nc4 25. Rxb5 Rfd8 26. Qxd6 Rxd6 27. Rb4
1-0

[Event "1st IBCA European Team Chess Championship"]
[Site "Warsaw"]
[Date "1899-12-30"]
[Round "6.14"]
[White "Chojnowski, Marcin"]
[Black "Prpic, Milan"]
[Result "1-0"]
[WhiteTitle ""]
[BlackTitle ""]
[WhiteElo "1983"]
[BlackElo "1834"]

1. d4 d5 2. Nf3 Nf6 3. c4 e6 4. g3 Be7 5. Bg2 O-O 6. O-O c6 7. Qc2 Nbd7 8. Nbd2
Ne8 9. e4 Nc7 10. e5 b6 11. Ne1 Ba6 12. b3 Rc8 13. Bb2 Ne8 14. Ndf3 h6 15. Nd3
Nc7 16. Rfd1 Bb7 17. Rac1 Re8 18. Nf4 Nf8 19. a3 Ba6 20. h4 Nh7 21. Bf1 Bb7 22.
Bd3 Nf8 23. Qe2 Rb8 24. Bb1 Ba6 25. Qe3 Bb7 26. Rc2 Na6 27. Kg2 Nc7 28. Rcd2 Ba6
29. Rc1 Bb7 30. Kg1 Rc8 31. Nh2 b5 32. Ng4 g5 33. Nh5 bxc4 34. Nxh6+ Kh8 35. Nxf7+
Kg8 36. Nxd8 Rexd8 37. Nf6+ Kf7 38. Qxg5 Bxf6 39. exf6 Ne8 40. bxc4 Nxf6 41. cxd5
Rxd5 42. Qf4 N8d7 43. Ba2 Rb5 44. Re1 Re8 45. Rde2 Nf8 46. d5 N8h7 47. dxe6+ Ke7
48. Qc7+ 1-0

[Event "1st IBCA European Team Chess Championship"]
[Site "Warsaw"]
[Date "1899-12-30"]
[Round "6.15"]
[White "Began, Branko"]
[Black "Zarow, Zdzislaw"]
[Result "1-0"]
[WhiteTitle ""]
[BlackTitle ""]
[WhiteElo "1836"]
[BlackElo "1849"]

1. d4 Nf6 2. Nf3 d5 3. c4 c6 4. Nc3 e6 5. e3 Bd6 6. Bd3 Nbd7 7. O-O Bb8 8. e4 dxe4
9. Nxe4 Nxe4 10. Bxe4 Nf6 11. Bd3 h6 12. b3 Qa5 13. Bb2 Qh5 14. Ne5 Qxd1 15. Rfxd1
O-O 16. Ba3 Re8 17. Re1 Nd7 18. Rad1 Nxe5 19. dxe5 Bc7 20. Bc2 a5 21. Bd6 Bd8
22. a3 b6 23. Be4 Bb7 24. Rd3 Rc8 25. Red1 Ba6 26. Rc3 Bb7 27. b4 Ba8 28. b5 c5
29. Bc2 g6 30. f4 Kg7 31. g4 Bb7 32. f5 Bg5 33. f6+ Kh7 34. Kf2 Bh4+ 35. Ke3 Bg5+
36. Kf2 Bh4+ 37. Kg1 Bg5 38. Be7 Rb8 39. Rd7 Bf4 40. Bd6 Kg8 41. Bxg6 fxg6 42.
f7+ Kh8 43. fxe8=Q+ Rxe8 44. Rxb7 Rd8 45. Rb8 Rxb8 46. Bxb8 1-0

[Event "1st IBCA European Team Chess Championship"]
[Site "Warsaw"]
[Date "1899-12-30"]
[Round "6.16"]
[White "Sargalski, Andrzej"]
[Black "Drazetic, Novica"]
[Result "1-0"]
[WhiteTitle ""]
[BlackTitle ""]
[WhiteElo "1835"]
[BlackElo "1621"]

1. e4 e5 2. Nf3 Nc6 3. Bc4 Nf6 4. Nc3 Nxe4 5. Bxf7+ Kxf7 6. Nxe4 Be7 7. d3 h6 8.
O-O d6 9. c3 Rf8 10. d4 d5 11. Ng3 e4 12. Ne5+ Nxe5 13. dxe5 Kg8 14. Qh5 Bd7 15.
Bxh6 gxh6 16. Qg6+ Kh8 17. Qxh6+ Kg8 18. Qg6+ Kh8 19. Nh5 Rf7 20. Qxf7 Qf8 21.
Qxf8+ Rxf8 22. Ng3 Bg5 23. Rad1 c6 24. Nxe4 Bf4 25. Nc5 Bg4 26. f3 Be6 27. Nxe6
1-0

[Event "1st IBCA European Team Chess Championship"]
[Site "Warsaw"]
[Date "1899-12-30"]
[Round "6.19"]
[White "Whittle, Les V"]
[Black "Aksu, Mumin"]
[Result "0-1"]
[WhiteTitle ""]
[BlackTitle ""]
[WhiteElo "1771"]
[BlackElo "1781"]

1. d4 d5 2. Nf3 c6 3. Bf4 Bf5 4. e3 e6 5. Nc3 Bb4 6. Bd3 g6 7. Qd2 Nd7 8. a3 Qa5
9. O-O Bxc3 10. Qxc3 Qxc3 11. bxc3 Ngf6 12. Ne5 O-O 13. Rfb1 Nb6 14. a4 Nh5 15.
Bh6 Rfd8 16. g4 f6 17. Bxf5 gxf5 18. Nxc6 bxc6 19. gxh5 Rd7 20. Kh1 Kf7 21. Rg1
Rg8 22. Rxg8 Kxg8 23. Rb1 Nxa4 24. Rb8+ Kf7 25. Rh8 Nb6 26. Rxh7+ Kg8 27. Rxd7
Nxd7 28. e4 fxe4 29. Bc1 a5 30. Kg2 a4 31. Kf1 Nb6 32. Bb2 Nc4 33. Bc1 a3 34.
Bxa3 Nxa3 35. Ke2 Nxc2 36. Kd2 Na3 37. f3 exf3 38. Ke3 Nb5 0-1

[Event "1st IBCA European Team Chess Championship"]
[Site "Warsaw"]
[Date "1899-12-30"]
[Round "6.22"]
[White "Sojka, Bernard"]
[Black "Harnandan, Sergio"]
[Result "0-1"]
[WhiteTitle ""]
[BlackTitle ""]
[WhiteElo "1755"]
[BlackElo "1897"]

1. e3 d5 2. c4 c6 3. cxd5 cxd5 4. d4 Bf5 5. Nc3 e6 6. Nf3 a6 7. Be2 Nc6 8. a3 Bd6
9. Bd2 Nf6 10. O-O Rc8 11. Rc1 O-O 12. Nh4 Ne7 13. Nxf5 Nxf5 14. f4 b5 15. Qe1
Qb6 16. Kh1 Rc6 17. Bf3 Rfc8 18. g4 Ne7 19. Qf2 b4 20. Ne2 bxa3 21. bxa3 Bxa3
22. Ra1 Qb2 23. Rad1 Rc2 24. Qe1 Qb6 25. Rb1 Rb2 26. Rxb2 Qxb2 27. Bc3 Qb5 28.
Qa1 Bd6 29. Rd1 Ne4 30. Be1 a5 31. Ng1 Bb4 32. Be2 Qb6 33. Bd3 Bxe1 34. Bxe4 Bc3
35. Qb1 Qxb1 36. Bxb1 Bb2 37. Ne2 a4 38. Kg2 a3 39. Kf3 Nc6 40. Rd3 Nb4 41. Rb3
Rb8 42. h4 Nc6 43. Rd3 Ra8 44. Rb3 g6 45. Rb6 Na5 46. Ba2 Nc4 47. Rb7 Nd2+ 48.
Kg3 Rc8 49. f5 Ne4+ 50. Kf3 Rc2 51. Bb3 Nd2+ 0-1

[Event "1st IBCA European Team Chess Championship"]
[Site "Warsaw"]
[Date "1899-12-30"]
[Round "6.23"]
[White "Van Duuren, Louis"]
[Black "Siret, Bernard"]
[Result "0-1"]
[WhiteTitle ""]
[BlackTitle ""]
[WhiteElo "1890"]
[BlackElo "1712"]

1. e4 c5 2. Nf3 d6 3. d4 cxd4 4. Nxd4 Nf6 5. Nc3 g6 6. Be3 Bg7 7. f3 Nc6 8. Qd2
O-O 9. O-O-O Bd7 10. g4 Nxd4 11. Bxd4 Qa5 12. Kb1 Rfc8 13. Nd5 Qxd2 14. Nxe7+
Kf8 15. Nxg6+ hxg6 16. Rxd2 Be6 17. Bxf6 Bxf6 18. Rxd6 Be5 19. Rd1 Rc5 20. h4
Rac8 21. Bd3 Ra5 22. a3 Rc6 23. a4 Rb6 24. Bb5 a6 25. Rd8+ Kg7 26. Rg1 Rbxb5 27.
axb5 Ba2+ 28. Kc1 Bf4+ 29. Kd1 Bc4 0-1

[Event "1st IBCA European Team Chess Championship"]
[Site "Warsaw"]
[Date "1899-12-30"]
[Round "6.24"]
[White "Baue, Michel"]
[Black "Gundogmus, Alaettin"]
[Result "1-0"]
[WhiteTitle ""]
[BlackTitle ""]
[WhiteElo "1700"]
[BlackElo "1590"]

1. e4 e5 2. Nf3 Nc6 3. Bb5 a6 4. Ba4 d6 5. c3 Nf6 6. d3 Be7 7. h3 Bd7 8. O-O O-O
9. Re1 Qc8 10. Nh2 b5 11. Bb3 Na5 12. Bc2 Re8 13. Nd2 c5 14. Ndf3 h6 15. Nf1 Nh7
16. Ng3 Nc6 17. Bd2 Be6 18. Be3 f6 19. a3 a5 20. Rc1 Bf7 21. Bb1 b4 22. d4 c4
23. d5 Nb8 24. cxb4 axb4 25. axb4 Qa6 26. Qe2 Rc8 27. Nd2 Nd7 28. Rxc4 Rcb8 29.
Rec1 Nhf8 30. R1c3 Rxb4 31. Rxb4 1-0

[Event "1st IBCA European Team Chess Championship"]
[Site "Warsaw"]
[Date "1899-12-30"]
[Round "7.1"]
[White "Mueller, Oliver"]
[Black "Tazbir, Marcin"]
[Result "1/2-1/2"]
[WhiteTitle "FM"]
[BlackTitle "GM"]
[WhiteElo "2266"]
[BlackElo "2524"]

1. d4 g6 2. g3 Bg7 3. Bg2 Nf6 4. Nf3 O-O 5. c4 d6 6. Nc3 Nc6 7. O-O Bg4 8. h3 Bxf3
9. Bxf3 Nd7 10. e3 e5 11. d5 Ne7 12. e4 f5 13. exf5 Nxf5 14. Ne4 Nd4 15. Bg2 Nc5
16. Be3 Nxe4 17. Bxe4 Nf5 18. Bd2 a5 19. Rc1 b6 20. h4 Qe8 1/2-1/2

[Event "1st IBCA European Team Chess Championship"]
[Site "Warsaw"]
[Date "1899-12-30"]
[Round "7.2"]
[White "Mackowiak, Marek"]
[Black "Eichstaedt, Mirko"]
[Result "0-1"]
[WhiteTitle ""]
[BlackTitle ""]
[WhiteElo "2161"]
[BlackElo "2241"]

1. Nf3 Nf6 2. g3 d5 3. d4 c6 4. Bg2 Bf5 5. O-O e6 6. Bf4 Nbd7 7. Nbd2 Be7 8. c3
Ne4 9. Nxe4 Bxe4 10. Ne5 Bxg2 11. Kxg2 g5 12. Be3 f5 13. Nxd7 Kxd7 14. a4 Qc7
15. b4 h5 16. f4 h4 17. fxg5 Rag8 18. Bf4 Qd8 19. b5 Bxg5 20. bxc6+ bxc6 21. e3
Bxf4 22. exf4 hxg3 23. hxg3 Qh4 24. Qe1 Qh3+ 25. Kf3 Qg4+ 26. Ke3 Qxg3+ 27. Rf3
Qg2 28. Qf2 Qxf2+ 29. Rxf2 Rg3+ 30. Kd2 Rhh3 31. Ra3 Rd3+ 32. Kc2 Rxd4 33. Rg2
a5 34. Rf2 Kd6 35. Kb2 Rdd3 36. Rb3 d4 37. Rc2 dxc3+ 38. Ka3 Kc5 39. Rb8 Rd2 40.
Rc1 Rd4 41. Rc2 Rxf4 42. Ra8 Kc4 43. Rxa5 Kd3 44. Rg2 Rc4 45. Rg1 c2 46. Kb2 Rb4+
47. Ka2 Rh2 48. Ka1 Rd2 49. Rg3+ Ke4 50. Rc5 Rb1+ 0-1

[Event "1st IBCA European Team Chess Championship"]
[Site "Warsaw"]
[Date "1899-12-30"]
[Round "7.3"]
[White "Mueller, Thorsten"]
[Black "Czajkowski, Adam"]
[Result "0-1"]
[WhiteTitle ""]
[BlackTitle ""]
[WhiteElo "2123"]
[BlackElo "2151"]

1. d4 Nf6 2. Nf3 g6 3. Bf4 Bg7 4. e3 d6 5. Be2 O-O 6. h3 c5 7. c3 Qb6 8. Qb3 Be6
9. Qxb6 axb6 10. a3 Bd5 11. Nbd2 Bc6 12. O-O Nbd7 13. Rfd1 b5 14. Bg3 Rfe8 15.
dxc5 dxc5 16. Ne5 Nxe5 17. Bxe5 Nd7 18. Bxg7 Kxg7 19. Bf3 Ne5 20. Bxc6 bxc6 21.
Ne4 c4 22. Nc5 Red8 23. Rd4 Rd5 24. Rxd5 cxd5 25. f4 Nc6 26. Rd1 e6 27. e4 Ne7
28. exd5 Nxd5 29. g3 Kf8 30. Nd7+ Ke7 31. Ne5 f6 32. Nc6+ Kd6 33. Nd4 Rb8 34.
Kf2 e5 35. Nc2 Ke6 36. Re1 Kd6 37. Rd1 Kc6 38. fxe5 fxe5 39. Kf3 Rf8+ 40. Ke2
Rf6 41. Ra1 Kc5 42. Nb4 e4 43. Rd1 Nxb4 44. axb4+ Kc6 45. Rd8 Rf3 46. Rc8+ Kd6
47. Rc5 Rxg3 48. Rxb5 Rxh3 49. Rc5 h5 50. Rg5 h4 51. b5 Rg3 0-1

[Event "1st IBCA European Team Chess Championship"]
[Site "Warsaw"]
[Date "1899-12-30"]
[Round "7.4"]
[White "Suder, Ryszard"]
[Black "Schellmann, Frank"]
[Result "1-0"]
[WhiteTitle ""]
[BlackTitle "CM"]
[WhiteElo "2142"]
[BlackElo "2068"]

1. Nf3 Nf6 2. g3 g6 3. Bg2 Bg7 4. O-O d5 5. c4 O-O 6. cxd5 Nxd5 7. Nc3 Nb6 8. d3
Nc6 9. Be3 e5 10. Qd2 Nd4 11. Bh6 Nxf3+ 12. Bxf3 c6 13. Bg2 Qe7 14. Bxg7 Kxg7
15. Qe3 Re8 16. a3 Bf5 17. b4 Nc8 18. Qc5 Nd6 19. Rac1 a6 20. a4 Rac8 21. Rfd1
f6 22. Rd2 Nf7 23. Ne4 Bxe4 24. Qxe7 Rxe7 25. Bxe4 Rd8 26. Rdc2 Nd6 27. Bg2 Nf5
28. Rb2 Nd4 29. Kf1 f5 30. Rc4 Red7 31. f4 Kf6 32. fxe5+ Kxe5 33. Kf2 g5 34. e3
Ne6 35. d4+ Kf6 36. b5 cxb5 37. axb5 f4 38. d5 fxe3+ 39. Kxe3 axb5 40. Rxb5 Ng7
41. Rb6+ Kf7 42. Bh3 Re7+ 43. Kd4 h5 44. Rc2 g4 45. Rf2+ Kg8 46. Bg2 Ne6+ 47.
Kc4 Rc7+ 48. Kd3 Nc5+ 49. Kd4 Kg7 50. Rf5 Nd7 51. Rg5+ Kf7 52. Rh6 Nf8 53. Rgxh5
Rc1 54. Be4 b5 55. Rf5+ Ke7 56. Rhf6 Rd1+ 57. Ke3 Nd7 58. Re6# 1-0

[Event "1st IBCA European Team Chess Championship"]
[Site "Warsaw"]
[Date "1899-12-30"]
[Round "7.6"]
[White "Wassin, Sergej"]
[Black "Donmez, Unal"]
[Result "1/2-1/2"]
[WhiteTitle "FM"]
[BlackTitle ""]
[WhiteElo "2298"]
[BlackElo "1827"]

1. d4 Nf6 2. Nf3 e6 3. g3 b6 4. Bg2 Bb7 5. O-O d5 6. Ne5 Bd6 7. c4 Nbd7 8. Nxd7
Qxd7 9. Nc3 O-O-O 10. cxd5 exd5 11. Bg5 Be7 12. a4 a6 13. Rc1 h6 14. Bf4 Bd6 15.
Bxd6 Qxd6 16. e3 Kb8 17. Rc2 h5 18. h3 g5 19. Qe2 Ne4 20. Rfc1 Rd7 21. a5 b5 22.
Nxe4 dxe4 23. Rc5 Bd5 24. g4 f6 25. Qc2 hxg4 26. Bxe4 Bxe4 27. Qxe4 gxh3 28. Rc6
h2+ 29. Kg2 Qd5 30. Qxd5 Rxd5 31. Rxf6 c5 32. dxc5 Rxc5 33. Rh1 Rc2 34. b3 Rb2
35. Rxh2 Rxh2+ 36. Kxh2 Kb7 37. Kg3 Rxb3 38. Rf7+ Kb8 39. Rf6 Kb7 40. Rf7+ 1/2-1/2

[Event "1st IBCA European Team Chess Championship"]
[Site "Warsaw"]
[Date "1899-12-30"]
[Round "7.7"]
[White "Aksu, Mumin"]
[Black "Tuka, Oleg"]
[Result "0-1"]
[WhiteTitle ""]
[BlackTitle "IM"]
[WhiteElo "1781"]
[BlackElo "2429"]

1. e4 c5 2. Nf3 e6 3. d4 cxd4 4. Nxd4 a6 5. c4 Nf6 6. f3 Qc7 7. Nc3 b6 8. g4 h6
9. Bg2 Bb7 10. Qb3 Nc6 11. Nxc6 Bxc6 12. Be3 Rb8 13. a4 Bd6 14. h4 Bg3+ 15. Bf2
Bxf2+ 16. Kxf2 Qf4 17. Kg1 Qe3+ 18. Kf1 b5 19. cxb5 axb5 20. Qb4 Qd3+ 21. Kf2
Qd2+ 22. Kg3 e5 23. Rhd1 Qf4+ 24. Kh3 h5 25. g5 Ng4 0-1

[Event "1st IBCA European Team Chess Championship"]
[Site "Warsaw"]
[Date "1899-12-30"]
[Round "7.9"]
[White "Babarykin, Stanislav"]
[Black "Nizam, Rasim"]
[Result "0-1"]
[WhiteTitle "FM"]
[BlackTitle "IM"]
[WhiteElo "2372"]
[BlackElo "2185"]

1. d4 Nf6 2. Bf4 g6 3. e3 Bg7 4. Nf3 d6 5. Be2 O-O 6. h3 Nfd7 7. O-O e5 8. Bh2
Nc6 9. c4 e4 10. Nfd2 f5 11. Nc3 Nf6 12. d5 Ne7 13. Nb3 g5 14. Nd4 Ng6 15. Qc2
Qe7 16. Rae1 g4 17. hxg4 fxg4 18. c5 Nh4 19. Bg3 Nf3+ 20. gxf3 gxf3 21. Bc4 Qe8
22. Ne6 Qg6 23. Nxe4 Nxe4 24. Nxf8 Qg4 25. Be2 Nxg3 26. Qxh7+ Kxf8 27. Bxf3 Ne2+
0-1

[Event "1st IBCA European Team Chess Championship"]
[Site "Warsaw"]
[Date "1899-12-30"]
[Round "7.10"]
[White "Todorov, Aleksandar"]
[Black "Meshkov, Yuri A."]
[Result "0-1"]
[WhiteTitle ""]
[BlackTitle "IM"]
[WhiteElo "1951"]
[BlackElo "2350"]

1. e4 c5 2. c3 d6 3. d4 Nf6 4. Bd3 g6 5. Nf3 Bg7 6. O-O O-O 7. h3 d5 8. exd5 cxd4
9. Nxd4 Nxd5 10. Nf3 Nc6 11. Qe2 Qc7 12. Na3 Nf4 13. Bxf4 Qxf4 14. Qe4 Qc7 15.
Qe3 e5 16. Rad1 Qe7 17. Bc4 Kh8 18. Rfe1 f5 19. Bd5 e4 20. Nd4 Nxd4 21. cxd4 Qd7
22. Bb3 b5 23. Nc2 a5 24. a3 Bb7 25. d5 Bxb2 26. Nd4 b4 27. a4 Bc3 28. Ne6 Rfc8
29. Re2 Qd6 30. Rc2 Be5 31. Bc4 Ba6 32. Qb3 Bxc4 33. Rxc4 Rxc4 34. Qxc4 h6 35.
Rc1 Qd7 36. Nc5 Qe7 37. Ne6 Kh7 38. g3 Qd7 39. Nc5 Qc7 40. Qf1 Bc3 41. Ne6 Qd7
42. Qc4 e3 43. fxe3 Bd2 44. Qc7 Bxe3+ 45. Kf1 Qxc7 46. Rxc7+ Kg8 47. Rb7 Ra7 48.
Rb8+ Kf7 49. Ke2 Bg5 50. Kd3 Be7 51. Kc4 Bd6 52. Rh8 Kf6 53. g4 f4 54. Nd4 Rc7+
55. Nc6 f3 56. Kd3 b3 57. Re8 f2 58. Ke2 b2 59. Rb8 Bb4 0-1

[Event "1st IBCA European Team Chess Championship"]
[Site "Warsaw"]
[Date "1899-12-30"]
[Round "7.11"]
[White "Suslov, Evgeniy"]
[Black "Georgiev, Yordan Kirilov"]
[Result "1-0"]
[WhiteTitle ""]
[BlackTitle ""]
[WhiteElo "2221"]
[BlackElo "1710"]

1. Nf3 Nf6 2. g3 c6 3. Bg2 d5 4. O-O Bf5 5. d3 e6 6. c4 Be7 7. Nh4 Bg6 8. Qb3 Qd7
9. Nc3 Na6 10. cxd5 Nxd5 11. Nxg6 hxg6 12. Nxd5 exd5 13. e4 Nc5 14. Qc2 dxe4 15.
dxe4 Qd3 16. Qxd3 Nxd3 17. Be3 Bf6 18. Rab1 O-O 19. f4 Be7 20. Rfd1 Rfd8 21. Kf1
Kf8 22. Ke2 Nc5 23. b3 a6 24. Rbc1 Rxd1 25. Rxd1 Ke8 26. e5 a5 27. Rc1 Nd7 28.
a4 Rd8 29. Be4 Bb4 30. e6 Nf6 31. exf7+ Kxf7 32. Bf3 Nd5 33. Bxd5+ Rxd5 34. Rc4
Rh5 35. Bg1 Rh8 36. Kd3 Re8 37. Re4 Rh8 38. Ke2 Rb8 39. Be3 Rh8 40. h4 Rd8 41.
Bb6 Rc8 42. Kd3 c5 43. Kc4 Rc6 44. Kb5 Rd6 45. Bxa5 Bxa5 46. Kxa5 Rd3 47. b4 Rd4
48. Re5 Rxb4 49. Rxc5 Rb3 50. Rb5 Rxg3 51. Rxb7+ Kf6 52. Kb5 Rg4 53. a5 Rxh4 54.
a6 Rh1 55. a7 Ra1 56. Kb6 Rb1+ 57. Kc7 Rc1+ 58. Kb8 Rh1 59. a8=Q Rh8+ 60. Ka7
Rxa8+ 61. Kxa8 g5 62. fxg5+ 1-0

[Event "1st IBCA European Team Chess Championship"]
[Site "Warsaw"]
[Date "1899-12-30"]
[Round "7.12"]
[White "Ilieva, Gabriela"]
[Black "Komissarov, Alexey"]
[Result "1/2-1/2"]
[WhiteTitle ""]
[BlackTitle "FM"]
[WhiteElo "1510"]
[BlackElo "2257"]

1. d4 Nf6 2. c4 g6 3. h4 Bg7 4. Nc3 d5 5. h5 Nxh5 6. cxd5 c6 7. e4 cxd5 8. e5 Bf8
9. Be2 Ng7 10. Qb3 Nf5 11. Nf3 Nc6 12. Bb5 a6 13. Bxc6+ bxc6 14. Na4 Qa5+ 15.
Bd2 Qb5 16. Rc1 Bd7 17. Nc5 h5 18. a4 Qxb3 19. Nxb3 Bg7 20. Nc5 Nh6 21. Ke2 Bg4
22. Nd3 Nf5 23. Bc3 O-O 24. b4 e6 25. Bb2 Rfc8 26. Rc5 Bf8 27. Ra5 Rcb8 28. Bc3
Be7 29. Nc5 Rb6 30. Kd3 Bxc5 31. dxc5 Rbb8 32. Nd2 Ne7 33. Nb3 Bf5+ 34. Kd2 Rd8
35. Nd4 Kf8 36. Ra1 Rdc8 37. Ke3 g5 38. f3 Bg6 39. Nb3 Nf5+ 40. Ke2 Rd8 41. Bd4
Ke8 42. b5 Kd7 43. g4 Ne7 44. Be3 hxg4 45. fxg4 Rh8 46. Bxg5 Rh2+ 47. Kf1 Rah8
48. Bf4 Bd3+ 49. Kg1 R2h4 50. Rxa6 Rxg4+ 51. Kf2 Nf5 52. Ra7+ Kc8 53. Ra8+ Kb7
54. Rxh8 Rxf4+ 55. Kg1 cxb5 56. axb5 Bxb5 57. Rha8 Rf1+ 58. Rxf1 Bxf1 59. Rf8
Bc4 60. Rxf7+ Kc6 61. Na5+ Kxc5 62. Nxc4 dxc4 63. Rd7 c3 64. Rf7 c2 65. Rc7+ Kd4
1/2-1/2

[Event "1st IBCA European Team Chess Championship"]
[Site "Warsaw"]
[Date "1899-12-30"]
[Round "7.13"]
[White "Palacios Perez, Manuel"]
[Black "Rositsan, Boris"]
[Result "1-0"]
[WhiteTitle ""]
[BlackTitle "FM"]
[WhiteElo "2163"]
[BlackElo "2091"]

1. d4 d5 2. c4 c6 3. Nf3 Nf6 4. Nc3 e6 5. Bg5 dxc4 6. e3 b5 7. Be2 h6 8. Bh4 Bb7
9. O-O Nbd7 10. a4 a6 11. Qc2 Qb6 12. a5 Qc7 13. e4 Bb4 14. Bg3 Qd8 15. Bh4 g5
16. Bg3 Bxa5 17. h4 Nh5 18. Bd6 Bc7 19. Bxc7 Qxc7 20. e5 f5 21. exf6 O-O-O 22.
b3 cxb3 23. Qxb3 Nf4 24. Rfe1 c5 25. Bxb5 Nxg2 26. Rxe6 Nb8 27. Re7 Qb6 28. Na4
Qxf6 29. Rxb7 Kxb7 30. Nxc5+ Kc7 31. Ne4 Qf4 32. Qc4+ Kb6 33. Qc5+ Kb7 34. Bxa6+
Nxa6 35. Rb1+ 1-0